Metodologický rámec pre NOT SMALL – NOT BIG DATA bakalárska práca

Guardado en:
Detalles Bibliográficos
Autor principal: Mensah, Kaela Kalindi
Autor Corporativo: Fakulta hospodárskej informatiky EU. Katedra aplikovanej informatiky
Otros Autores: Schmidt, Peter, 1968-
Formato: Libro
Lenguaje:eslovaco
Publicado: Bratislava 2025
Etiquetas: Agregar Etiqueta
Sin Etiquetas, Sea el primero en etiquetar este registro!

MARC

LEADER 00000nbm a2200000 4500
001 0310439
005 20251120142116.1
041 0 |a slo 
044 |a SK 
245 1 0 |a Metodologický rámec pre NOT SMALL – NOT BIG DATA  |b bakalárska práca  |c Kaela Kalindi Mensah ; školiteľ: Peter Schmidt 
264 1 |a Bratislava  |c 2025 
300 |a 53 s. 
100 1 |a Mensah, Kaela Kalindi 
700 1 |a Schmidt, Peter, 1968- 
710 2 |a Fakulta hospodárskej informatiky EU. Katedra aplikovanej informatiky